ГИС как инструмент мониторинга объектов энергетики; Проблемы геологии и освоения недр; Т. 1

Bibliografske podrobnosti
Parent link:Проблемы геологии и освоения недр: труды XVIII Международного симпозиума имени академика М. А. Усова студентов и молодых ученых, Томск, 7-11 апреля 2014 г./ Национальный исследовательский Томский политехнический университет (ТПУ), Институт природных ресурсов (ИПР) ; Общество инженеров-нефтяников, международная некоммерческая организация, Студенческий чаптер ; под ред. А. Ю. Дмитриева.— , 2014
Т. 1.— [С. 597-600]
Glavni avtor: Вайсблат Н. Э.
Korporativna značnica: Национальный исследовательский Томский политехнический университет (ТПУ) Институт природных ресурсов (ИПР) Кафедра общей геологии и землеустройства (ОГЗ)
Drugi avtorji: Перемитин И. С. (научный руководитель), Иконникова К. В. Ксения Владимировна, Пасько О. А. Ольга Анатольевна
Izvleček:Заглавие с экрана
Jezik:ruščina
Izdano:
Serija:Землеустройство: Наука и практика
Teme:
Online dostop:http://earchive.tpu.ru/handle/11683/65439
http://www.lib.tpu.ru/fulltext/c/2014/C11/V1/288.pdf
Format: Elektronski Book Chapter
KOHA link:https://koha.lib.tpu.ru/cgi-bin/koha/opac-detail.pl?biblionumber=608345

MARC

LEADER 00000naa2a2200000 4500
001 608345
005 20260319153408.0
035 |a (RuTPU)RU\TPU\conf\5776 
035 |a RU\TPU\conf\5774 
090 |a 608345 
100 |a 20140926d2014 k y0rusy50 ca 
101 0 |a rus 
102 |a RU 
135 |a drcn ---uucaa 
181 0 |a i  
182 0 |a b 
200 1 |a ГИС как инструмент мониторинга объектов энергетики  |f Н. Э. Вайсблат, И. С. Перемитин, К. В. Иконникова  |g науч. рук. О. А. Пасько 
203 |a Текст  |c электронный 
225 1 |a Землеустройство: Наука и практика 
300 |a Заглавие с экрана 
320 |a [Библиогр.: с. 600 (8 назв.)] 
337 |a Adobe Reader 
461 1 |0 (RuTPU)RU\TPU\conf\5590  |t Проблемы геологии и освоения недр  |o труды XVIII Международного симпозиума имени академика М. А. Усова студентов и молодых ученых, Томск, 7-11 апреля 2014 г.  |o в 2 т.  |f Национальный исследовательский Томский политехнический университет (ТПУ), Институт природных ресурсов (ИПР) ; Общество инженеров-нефтяников, международная некоммерческая организация, Студенческий чаптер ; под ред. А. Ю. Дмитриева  |d 2014 
463 1 |0 (RuTPU)RU\TPU\conf\5592  |t Т. 1  |v [С. 597-600] 
610 1 |a труды учёных ТПУ 
610 1 |a электронный ресурс 
610 1 |a ГИС 
610 1 |a мониторинг 
610 1 |a энергетика 
610 1 |a энергоснабжение 
610 1 |a ЛЭП 
610 1 |a электропередачи 
700 1 |a Вайсблат  |b Н. Э. 
701 1 |a Перемитин  |b И. С. 
701 1 |a Иконникова  |b К. В.  |c химик  |c заведующий лабораторией Томского политехнического университета  |f 1979-  |g Ксения Владимировна  |3 (RuTPU)RU\TPU\pers\29007 
702 1 |a Пасько  |b О. А.  |c биолог  |c профессор Томского политехнического университета, доктор сельскохозяйственных наук  |f 1957-  |g Ольга Анатольевна  |4 727 
712 0 2 |a Национальный исследовательский Томский политехнический университет (ТПУ)  |b Институт природных ресурсов (ИПР)  |b Кафедра общей геологии и землеустройства (ОГЗ)  |3 (RuTPU)RU\TPU\col\18663 
801 2 |a RU  |b 63413507  |c 20210916  |g RCR 
856 4 |u http://earchive.tpu.ru/handle/11683/65439 
856 4 |u http://www.lib.tpu.ru/fulltext/c/2014/C11/V1/288.pdf 
942 |c BK